Detalles MARC
| 000 -LÍDER |
| Campo fijo de descripción fija |
01713nam a2200337 i 4500 |
| 001 - NÚMERO DE CONTROL |
| Campo de control |
768714001 |
| 003 - IDENTIFICADOR DEL NÚMERO DE CONTROL |
| Campo de control |
CO-MdFUSB |
| 005 - FECHA Y HORA DE LA ULTIMA TRANSACCIÓN |
| control field |
20220504172812.0 |
| 007 - CAMPO FIJO DE DESCRIPCIÓN FIJA--INFORMACIÓN GENERAL |
| Campo fijo de descripción fija |
ta |
| 008 - ELEMENTOS DE LONGITUD FIJA -- INFORMACIÓN GENERAL |
| Campo fijo de descripción fija -- Información general |
170522t1967 -us||||| |||| 00| 0 eng d |
| 020 ## - NÚMERO INTERNACIONAL NORMALIZADO PARA LIBROS |
| Información adicional |
[No incluye ISBN] |
| 040 ## - FUENTE DE CATALOGACIÓN |
| Agencia de catalogación original |
CO-MdFUSB |
| Idioma de catalogación |
spa |
| Agencia que realiza la transcripción |
CO-MdFUSB |
| Agencia que realiza la modificación |
CO-MdFUSB |
| Convenciones de la descripción |
rda |
| 041 0# - CÓDIGO DE IDIOMA |
| Código de idioma para texto/pista de sonido o título separado |
eng |
| 082 04 - NÚMERO DE CLASIFICACIÓN DECIMAL DEWEY |
| Número de la edición del Dewey |
23 |
| Número de clasificación |
221.7 |
| Clave de autor-Numero de item |
OL44 |
| 100 1# - ASIENTO PRINCIPAL--NOMBRE PERSONAL |
| Nombre personal |
Eichrodt, Walther (1890-) |
| Término relacionador |
autor |
| 245 00 - TÍTULO |
| Título del Material |
Theology of the Old Testament |
| Mención de responsabilidad, etc. |
/ Walther Eichrodt ; traducido por J. A. Baker, |
| 264 #1 - PRODUCCIÓN, PUBLICACIÓN, DISTRIBUCIÓN, MANUFACTURA, Y COPYRIGHT |
| Lugar de producción, publicación, distribución, manufactura |
Philadelphia, USA : |
| Nombre del productor, publicador, distribuidor |
The Westminster Press, |
| Fecha de producción, publicación, distribución, manufactura, o copyright |
℗1961 |
| 264 #4 - PRODUCCIÓN, PUBLICACIÓN, DISTRIBUCIÓN, MANUFACTURA, Y COPYRIGHT |
| Fecha de producción, publicación, distribución, manufactura, o copyright |
©1961 |
| 300 ## - DESCRIPCIÓN FÍSICA |
| Extensión |
573 páginas |
| Dimensiones |
; 23 cm |
| 336 ## - TIPO DE CONTENIDO |
| Fuente |
rdacontent |
| Término de tipo de contenido |
texto |
| Código de tipo de contenido |
txt |
| 337 ## - TIPO DE MEDIO |
| Fuente |
rdamedia |
| Nombre del tipo de medio |
sin mediación |
| Código del tipo de medio |
n |
| 338 ## - TIPO DE SOPORTE |
| Fuente |
rdacarrier |
| Nombre del tipo de soporte |
volumen |
| Código Tipo de soporte |
nc |
| 490 4# - MENCIÓN DE SERIE |
| Mención de serie |
The Old Testament Library |
| 505 ## - NOTA DE CONTENIDO |
| Nota de contenido con formato preestablecido |
Vol. 2 -- Segunda parte: Dios y el mundo -- XII: Las formas de la auto-manifestación de Dios -- XIII: Los poderes cósmicos de Dios -- XIV: Los poderes cósmicos de Dios continuó -- XV: Cosmología y creación -- XVI: El lugar del hombre en la creación -- XVII: Mantenimiento del mundo -- XVIII: El mundo celestial -- XIX: El mundo subterráneo -- Parte tres: Dios y el hombre -- XX: El individuo y la comunidad en el Antiguo Testamento Relación hombre-hombre -- XXI: Las formas fundamentales de la relación personal del hombre con Dios. -- XXII: El efecto de la piedad en la conducta (moralidad del Antiguo Testamento) -- XXIII: El indulto y la perdición De la relación del individuo con Dios (Inmoralidad) |
| 563 ## - NOTA DE ENCUADERNACIÓN |
| Nota de encuadernación |
Pasta dura |
| 630 #7 - TITULO UNIFORME |
| Título uniforme |
Biblia. |
| Nombre de parte o sección de la obra |
Antiguo Testamento |
| Subdivisión de materia general |
Teología |
| 650 #7 - ASIENTO SECUNDARIO DE MATERIA - TERMINO TEMÁTICO |
| Término temático o nombre geográfico como elemento de entrada |
Teología bíblica |
| 9 (RLIN) |
320 |
| 942 ## - TIPO DE MATERIAL (KOHA) |
| Tipo de Item KOHA |
Libros de Referencia |
| 945 ## - INFORMACIÓN LOCAL DEL REGISTRO |
| Catalogador |
JTF-925 |